Moderná architektúra Bratislavy a jej architekti 1925 - 2025 /

Salvato in:
Dettagli Bibliografici
Autori principali: Dulla, Matúš, 1950- (Autore), Alexy, Elena (Autore), Bacová, Andrea, 1962- (Autore), Gajdoš, Adam 1993- (Autore), Haberlandová, Katarína 1973- (Autore), Jelínková, Martina, 1983- (Autore), Kiaček, Matúš, 1996- (Autore), Pavel, Miroslav (Autore), Pohaničová, Jana, 1966- (Autore), Ščepánová, Soňa 1977- (Autore), Šlapeta, Vladimír (Autore)
Natura: Libro
Lingua:slovacco
Pubblicazione: Praha, Česko: Czech Architecture Week, 2025
Edizione:1. vydanie
Soggetti:
Tags: Aggiungi Tag
Nessun Tag, puoi essere il primo ad aggiungerne!!

MARC

LEADER 00000nam a22000003a 4500
001 0115864
003 SK-STU
005 20251229095505.4
007 ta
008 250609s ----xo-----e------000-0-----d
020 |a 978-80-908986-7-7 
035 |a biblio/1486722  |2 CREPC2 
040 |a STU  |b slo 
041 0 |a slo 
044 |a xr 
100 1 |a Dulla, Matúš,  |d 1950-  |u 053130  |4 aut  |9 74  |r Z8  |U FAD Fakulta architektúry a dizajnu  |T FAD Ústav dejín a teórie architektúry a obnovy pamiatok  |X 398  |U A3130  |Y 394  |7 A000000398 
242 0 1 |a Modern architecture of Bratislava and its Architects 
245 1 0 |a Moderná architektúra Bratislavy a jej architekti 1925 - 2025 /  |c aut. Matúš Dulla, Elena Alexy, Andrea Bacová, Adam Gajdoš, Katarína Haberlandová, Martina Jelínková, Matúš Kiaček, Miroslav Pavel, Jana Pohaničová, Soňa Ščepánová, Vladimír Šlapeta 
250 |a 1. vydanie 
260 |a Praha, Česko:  |b Czech Architecture Week,  |c 2025 
300 |a 227 s. 
500 |a Kniha vyšla aj v anglickej verzii 
650 0 7 |a moderná architektúra 
650 0 7 |a architekti slovenskí 
650 0 7 |a Bratislava 
650 0 7 |a architektúra a urbanizmus 
650 0 7 |a dejiny architektúry 20.stor. 
650 0 7 |a architektonické dielo 
650 0 7 |a architektky 
650 0 7 |a Umelka 
700 1 |a Alexy, Elena  |4 aut  |9 6 
700 1 |a Bacová, Andrea,  |d 1962-  |u 051110  |r Z1  |4 aut  |9 6  |U FAD Fakulta architektúry a dizajnu  |T FAD Ústav architektúry obytných budov  |X 354  |U A1110  |Y 392  |7 A000000354 
700 1 |a Gajdoš, Adam  |d 1993-  |u 053130  |r Z3  |4 aut  |9 4  |U FAD Fakulta architektúry a dizajnu  |T FAD Ústav dejín a teórie architektúry a obnovy pamiatok  |X 62069  |U A3130  |Y 394  |7 A000062069 
700 1 |a Haberlandová, Katarína  |d 1973-  |4 aut  |9 1  |X 65226  |7 65226 
700 1 |a Jelínková, Martina,  |d 1983-  |u 053130  |r Z1  |4 aut  |9 1  |U FAD Fakulta architektúry a dizajnu  |T FAD Ústav dejín a teórie architektúry a obnovy pamiatok  |X 18913  |U A3130  |Y 394  |7 18913 
700 1 |a Kiaček, Matúš,  |d 1996-  |u 053130  |r Z3  |4 aut  |9 1  |U FAD Fakulta architektúry a dizajnu  |T FAD Ústav dejín a teórie architektúry a obnovy pamiatok  |X 82317  |U A3130  |Y 394  |7 82317 
700 1 |a Pavel, Miroslav  |r Z6  |4 aut  |9 1 
700 1 |a Pohaničová, Jana,  |d 1966-  |u 053130  |r Z1  |4 aut  |9 2  |U FAD Fakulta architektúry a dizajnu  |T FAD Ústav dejín a teórie architektúry a obnovy pamiatok  |X 390  |U A3130  |Y 394  |7 A000000390 
700 1 |a Ščepánová, Soňa  |d 1977-  |u 050000  |r Z9  |4 aut  |9 2  |T FAD Fakulta architektúry a dizajnu  |X 15722  |U A  |Y 50  |7 A000015722 
700 1 |a Šlapeta, Vladimír  |4 aut  |9 2 
996 |b 284AU10513  |c A* 13684/U  |l AAKNST  |s P  |a 0  |w 0115864_0001